000 00398nam a2200145Ia 4500
005 20260326235444.0
008 260326s9999||||xx |||||||||||||| ||und||
100 _aCarbonell, Galaor
245 0 _aRogelio Salmona :
_b Arquitectura y poÉtica del lugar /
_cGalaor Carbonell
260 _bEscala
300 _a348 p.
440 _aCOLECCIÓN SOMOSUR - TOMO 11
650 _aARQUITECTOS
942 _cBK
999 _c7536
_d7536